000 00300nam a22001337a 4500
008 171024b xxu||||| |||| 00| 0 eng d
020 _a2900536357877
041 _aeng
080 _28TH
_a311
100 _a55
101 _aSTA
245 _aINTRODUCTION TO STATISTICS
_cDESANTO,C
942 _2udc
_cBK
999 _c35635
_d35635